000 01750cam a22004694i 4500
003 PE-LiUPU
005 20250731173330.0
008 150625s r 000 0 d
020 _a848169486X
035 _a(Sirsi) i9788481694864
040 _aPE-LiUPU
_bspa
_cPE-LiUPU
_erda
049 _aPRUA
082 0 4 _a232.96
_bB84
_221
100 1 _aBrown, Raymond E.,
_eautor.
245 1 3 _aLa muerte del Mesías :
_bdesde Getsemaní hasta el sepulcro Comentario a los relatos de la pasión de los cuatro evangelios /
_cRaymond E. Brown S. S.
264 1 _aEstella, Navarra :
_bVerbo Divino,
_c2005.
300 _a1031 páginas ;
_c2005
336 _atext
_2rdacontent
337 _aunmediated
_2rdamedia
338 _avolume
_2rdacarrier
504 _aIncluye bibliografía.
505 0 _aJesús ora y es arrestado en Getsemaní, en el Monte de los Olivos, al otro lado del Cedrón. -Jesús ante las autoridades Judías. -Jesús ante Pilato, el gobernador romano. .
526 _aSEG42
526 _aSEG41
526 _aSEG40
526 _aSEG39
526 _aP94
526 _aP87
526 _aP86
526 _aP85
526 _aP77
526 _aP76
526 _aP35
600 1 _aJesucristo
_xPasión
630 _aBiblia.
_pN.T.
_pEvangelios
_xCrítica interpretación, etc.
942 _2ddc
_cBOOK
949 _a232.96 B84 1
_wDEWEY
_c1
_i59221
_lCCODEBUL1
_mBUL
_r0
_sY
_tBOOK
_u2015-6-25
_xTEOLOGIA
_PP35
_0COMPRA
_o.STAFF. Colección General
994 _aC0
_bPEPRU
596 _a1
999 _a232.96 B84 1
_wDEWEY
_c48023
_i59221
_d48023
_f2021-11-10
_g5
_lCCODEBUL1
_mBUL
_q2
_r0
_sY
_tBOOK
_u2015-6-25
_xTEOLOGIA
_PP35
_0COMPRA
_o.STAFF. Colección General
980 _81
_gALBERTO SANCHEZ Responsable de Automatización